000 00344 a2200133 4500
005 20250620145836.0
020 _a0 19 888011 1
082 _aLM 342.02 WHE
100 _aWHEARE, K. C.
245 _aModern Constitutions.
260 _aLondon,
_bOxford University Press,
_c1960.
300 _a150p.:
_bBibliography & Index,
_c20cm.
942 _2ddc
_cBKS
999 _c147
_d147